00446nam a22001697i 45000010005000000030004000050050017000090070003000260080041000290240014000700400008000841000017000922450049001092600049001583000011002075000058002188494OSt20170126082411.0tu161220s1972 xxu||||| |||| 00| 0 d7 a84942RID cOSt1 aKleer, Jerzy00aWzrost intensywny w krajach socjalistycznych aWarszawa :bInstytut Wydawnicyz CRZZ,c1972. a213 S.00aer intensive Zuwachs in den sozialistischen Làˆndern